<?xml version="1.0" encoding="UTF-8"?><?xml-stylesheet type="text/xsl" href="static/style.xsl"?><OAI-PMH xmlns="http://www.openarchives.org/OAI/2.0/" xmlns:xsi="http://www.w3.org/2001/XMLSchema-instance" xsi:schemaLocation="http://www.openarchives.org/OAI/2.0/ http://www.openarchives.org/OAI/2.0/OAI-PMH.xsd"><responseDate>2026-06-06T19:12:11Z</responseDate><request verb="GetRecord" identifier="oai:riuma.uma.es:10630/12379" metadataPrefix="marc">https://riuma.uma.es/rest/oai/request</request><GetRecord><record><header><identifier>oai:riuma.uma.es:10630/12379</identifier><datestamp>2026-02-03T11:54:59Z</datestamp><setSpec>com_10630_2254</setSpec><setSpec>col_10630_37959</setSpec></header><metadata><record xmlns="http://www.loc.gov/MARC21/slim" xmlns:dcterms="http://purl.org/dc/terms/" xmlns:doc="http://www.lyncode.com/xoai" xmlns:xsi="http://www.w3.org/2001/XMLSchema-instance" xsi:schemaLocation="http://www.loc.gov/MARC21/slim http://www.loc.gov/standards/marcxml/schema/MARC21slim.xsd">
   <leader>00925njm 22002777a 4500</leader>
   <datafield ind2=" " ind1=" " tag="042">
      <subfield code="a">dc</subfield>
   </datafield>
   <datafield ind2=" " ind1=" " tag="720">
      <subfield code="a">De la Cuesta Arzamendi, José Luis</subfield>
      <subfield code="e">author</subfield>
   </datafield>
   <datafield ind2=" " ind1=" " tag="260">
      <subfield code="c">2016-11-14</subfield>
   </datafield>
   <datafield ind2=" " ind1=" " tag="520">
      <subfield code="a">Para asegurar su legitimidad, se asume comúnmente que el Derecho penal ha de respetar un conjunto de “axiomas fundamentales”: necesidad, legalidad, imputación subjetiva y culpabilidad, con sus correspondientes corolarios.&#xd;
En una sociedad democrática, centrada por tanto en el valor de la persona, también ha de exigirse el respeto del principio de humanidad. Es este un principio menos estudiando que los anteriores, pero, sin lugar a dudas, no de menor  menos importancia y que reclama de toda intervención penal y político criminal el respeto de la dignidad de las personas.&#xd;
Múltiples son las consecuencias de la afirmación del principio de humanidad tanto en la parte general del derecho penal como en lo referido a la necesaria incriminación de determinadas figuras delictivas. &#xd;
Tradicionalmente, sin embargo, se ha considerado que es en el campo de las consecuencias jurídicas del delito donde la exigencia del respeto de la dignidad humana encuentra una mayor plasmación, en línea con la prohibición internacional de cualquier pena o trato cruel, inhumano o degradante.&#xd;
En todo caso, las consecuencias del principio de humanidad para el sistema penal y la política criminal no pueden agotarse en el tratamiento de los delincuentes. Una política criminal inspirada por el principio de humanidad ha de atender igualmente a las necesidades de las víctimas de los delitos, y esforzarse por su apoyo y satisfacción (A.Beristain). Las víctimas tienen que pasar “del olvido al reconocimiento” (I Subijana) y tratarlas con humanidad exige el pleno reconocimiento y respeto de su condición, acompañarlas y asistirlas, así como el aseguramiento efectivo de sus derechos: a la información, a la verdad, a la memoria, al acceso a la justicia y a la reparación.</subfield>
   </datafield>
   <datafield ind1="8" ind2=" " tag="024">
      <subfield code="a">http://hdl.handle.net/10630/12379</subfield>
   </datafield>
   <datafield tag="653" ind2=" " ind1=" ">
      <subfield code="a">Derecho penal</subfield>
   </datafield>
   <datafield tag="653" ind2=" " ind1=" ">
      <subfield code="a">Criminología</subfield>
   </datafield>
   <datafield ind2="0" ind1="0" tag="245">
      <subfield code="a">El principio de humanidad en la política criminal</subfield>
   </datafield>
</record>
</metadata></record></GetRecord></OAI-PMH>